Questions & answers employment law / (Record no. 4549)
[ view plain ]
| 000 -LEADER | |
|---|---|
| fixed length control field | 00727cam a22002172 4500 |
| 001 - CONTROL NUMBER | |
| control field | 0000024545 |
| 005 - DATE AND TIME OF LATEST TRANSACTION | |
| control field | 20151217145949.0 |
| 008 - FIXED-LENGTH DATA ELEMENTS--GENERAL INFORMATION | |
| fixed length control field | 140106s xx 000 0 eng d |
| 020 ## - INTERNATIONAL STANDARD BOOK NUMBER | |
| International Standard Book Number | 0199697618 : |
| 040 ## - CATALOGING SOURCE | |
| Original cataloging agency | KABU |
| Transcribing agency | KABU |
| 100 1# - MAIN ENTRY--PERSONAL NAME | |
| Personal name | Benny, Richard. |
| -- | 0000184818 |
| 245 10 - TITLE STATEMENT | |
| Title | Questions & answers employment law / |
| Statement of responsibility, etc. | Rchard Benny, Michael Jefferson, Malcolm Sargeant. |
| 250 ## - EDITION STATEMENT | |
| Edition statement | 6th ed. |
| 260 ## - PUBLICATION, DISTRIBUTION, ETC. (IMPRINT) | |
| Place of publication, distribution, etc. | Oxford : |
| Name of publisher, distributor, etc. | O. U. P., |
| Date of publication, distribution, etc. | 2012. |
| 300 ## - PHYSICAL DESCRIPTION | |
| Extent | xxii, 228 p. |
| 650 #0 - SUBJECT ADDED ENTRY--TOPICAL TERM | |
| Topical term or geographic name as entry element | Labor laws and legislation |
| General subdivision | Examinations, questions, etc. |
| Geographic subdivision | Great Britain. |
| -- | 0000184819 |
| 700 1# - ADDED ENTRY--PERSONAL NAME | |
| Personal name | Jefferson, Michael. |
| -- | 0000184820 |
| 852 1# - LOCATION | |
| -- | p1755 KES |
| 908 ## - PUT COMMAND PARAMETER (RLIN) | |
| Put command parameter | 140106 |
| 950 ## - LOCAL HOLDINGS (RLIN) | |
| -- | 1 |
| Withdrawn status | Lost status | Source of classification or shelving scheme | Not for loan | Home library | Current library | Date acquired | Total Checkouts | Full call number | Barcode | Date last seen | Date last checked out | Price effective from | Koha item type |
|---|---|---|---|---|---|---|---|---|---|---|---|---|---|
| Library of Congress Classification | Kabarak, Main Campus | Kabarak, Main Campus | 17/12/2015 | 6 | KD3095 .A13B46 2012 c. 1 | 016226 | 25/09/2025 | 07/03/2025 | 17/12/2015 | General Collection |